| 000 | 00786nac a22002171u 4500 | ||
|---|---|---|---|
| 010 | _a 92035843 | ||
| 020 | _a0830640959 | ||
| 020 | _a0830640967 (pbk.) : | ||
| 082 | 0 | 0 |
_a621.3841603 _bA487 |
| 090 |
_c4210 _d4210 |
||
| 100 | _aAmateur Radio | ||
| 245 | 0 | 0 |
_aAmateur radio encyclopedia / _cStan Gibilisco, editor-in-chief. |
| 250 | _a1st ed. | ||
| 260 |
_aBlue Ridge Summit, PA : _bTAB Books, _cc1994. |
||
| 300 |
_a593 p. : _bill. ; _c28 cm. |
||
| 504 | _aIncludes bibliographical references and index. | ||
| 650 | 0 |
_aAmateur radio stations _xEncyclopedias. |
|
| 700 | 1 | _aGibilisco, Stan. | |
| 942 |
_cNB _k621.3841603A487 |
||
| 999 |
_c4210 _d4210 |
||